000
00333nam a2200133 a 4500
005
20140414093843.0
008
090415s19uu xx uuu eng d
050
_a
CD 780
_b
WAL 20--
100
_a
Cillan, Amormio, Jr.
245
_a
Waltz with Amormio /
_c
Amormio Cillan, Jr.
650
_a
Waltz.
942
_c
AVM
999
_c
109428
_d
109428